Statistics for Guess the Taylor Swift Song (no hints) 180

Click here to take the quiz!

General Stats

  • This quiz has been taken 21 times
  • The average score is 243 of 382

Answer Stats

Answer% Correct
I
95%
the
95%
a
90%
you,
90%
you
90%
love
86%
love,
86%
And
81%
and
81%
for
81%
I'm
81%
in
81%
it
81%
it's
81%
me
81%
of
81%
so
81%
that
81%
That
81%
to
81%
when
81%
When
81%
all
76%
be
76%
he
76%
If
76%
if
76%
on
76%
She
76%
she
76%
they
76%
we
76%
your
76%
can't
71%
did
71%
go
71%
know,
71%
know
71%
one
71%
was
71%
'Cause
67%
had
67%
her
67%
his
67%
just
67%
like
67%
Like
67%
out
67%
out,
67%
up
67%
could
62%
never
62%
this
62%
time
62%
will
62%
with
62%
about
57%
Now
57%
she's
57%
would
57%
does
52%
down
52%
Emma
52%
eyes
52%
falls
52%
has
52%
only
52%
put
52%
right
52%
same
52%
tell
52%
thinks
52%
truth,
52%
bad
48%
book
48%
chance
48%
change
48%
good
48%
man
48%
New
48%
takes
48%
Well,
48%
alone
43%
always
43%
boy
43%
boys
43%
gonna
43%
hand
43%
heart
43%
he'll
43%
knows
43%
leave
43%
Little
43%
palm
43%
place
43%
rain
43%
sometimes
43%
whole
43%
wish
43%
won't
43%
world's
43%
wrong
43%
York
43%
apart,
38%
call
38%
calls
38%
Cleopatra
38%
grew
38%
kind
38%
LA
38%
learning
38%
met
38%
mom
38%
own
38%
rains
38%
she'll
38%
small
38%
these
38%
town
38%
walk
38%
way
38%
away
33%
bears
33%
between
33%
disappears
33%
door
33%
face
33%
floor
33%
locks
33%
Miss
33%
paces
33%
pain
33%
shelter
33%
stars
33%
Sunshine
33%
Turns
33%
waits
33%
ways
33%
Yeah,
33%
after
29%
blinds
29%
Closes
29%
fits
29%
keeps
29%
laugh
29%
seein'
29%
space
29%
unless
29%
years
29%
absolutely
24%
air
24%
Hangs
24%
Jokes
24%
outer
24%
herself
19%
lose
19%

Score Distribution

Percentile by Number Answered

Percent of People with Each Score

Your Score History

You have not taken this quiz